The Economics of Competitive Enterprise : (Record no. 615373)

MARC details
000 -LEADER
fixed length control field 00546nam a2200193 a 4500
008 - FIXED-LENGTH DATA ELEMENTS--GENERAL INFORMATION
fixed length control field 260221s1993##################000#0#eng##
020 ## - INTERNATIONAL STANDARD BOOK NUMBER
ISBN 9781852788919
082 04 - DEWEY DECIMAL CLASSIFICATION NUMBER
Classification number 338.6048
Item number AND
100 1# - MAIN ENTRY--AUTHOR NAME
Personal name Andrews, Philip Walter Sawford,
245 10 - TITLE STATEMENT
Title The Economics of Competitive Enterprise :
260 ## - PUBLICATION, DISTRIBUTION, ETC. (IMPRINT)
Name of publisher Edward Elgar Publishing,
Year of publication 1993.
300 ## - PHYSICAL DESCRIPTION
Number of Pages 470 pages
650 #0 - SUBJECT ADDED ENTRY--TOPICAL TERM
Topical Term Business & Economics.
942 ## - ADDED ENTRY ELEMENTS (KOHA)
Koha item type English Books
Holdings
Withdrawn status Lost status Damaged status Not for loan Home library Current library Shelving location Date acquired Full call number Accession Number Price effective from Koha item type
        Anna Centenary Library Anna Centenary Library 4TH FLOOR, A WING 21.02.2026 338.6048 AND 344141 21.02.2026 English Books

Find us on the map